000 01946cam a22004815i 4500
001 data
005 20260322212115.0
008 data
035 _a20697304
906 _a0
_bibc
_corigode
_d3
_encip
_f20
_gy-nonroman
925 0 _aacquire
_b1 shelf copy
_xpolicy default
010 _a 2018331179
020 _a9786007061718
037 _aLibrary of Congress -- Islamabad Overseas Office
040 _aDLC
_beng
_erda
_cDLC
041 0 _aeng
_aeng
042 _alcode
043 _aa-ir---
050 0 0 _aBL325.W38
_bM54 2018+
066 _c(4
_c(4
100 1 _6880-01
_aMīhanʹdūst, Muḥsin,
_eauthor.
880 1 _6100-01/(3/r
_a(3ejgf(B‌(3OhSJ,(B (3eMSf(B.
245 1 0 _6880-02
_aUsṭūrah-ʼi āb, chīstī-i parī va chirāgh-i barāt va vākāvī-i ān-i bā āyīn-i Siyāvashān /
_cMuḥsin Mīhanʹdūst.
880 1 0 _6245-02/(3/r
_a(3GSWhQ(B (3GH,(B (41(3jSJi(B (4)(3Qi(B (3h(B (41(3QGZ(B (3HQGJ(B (3h(B (3hG(4X(3Ghi(B (3Gf(B (3HG(B (3Gjjf(B (3SjGhTGf(B /
_c(3eMSf(B (3ejgf(B‌(3OhSJ(B.
246 1 4 _6880-03
_aDar va dargāhī-i bih usṭūrah-i āb chīstī-i parī
880 1 4 _6246-03/(3/r
_a(3OQ(B (3h(B (3OQ(4^(3Ggi(B (3Hg(B (3GSWhQg(B (3GH(B (41(3jSJi(B (4)(3Qi(B
250 _6880-04
_aChāp-i avval.
880 _6250-04/(4/r
_a(41(3G(4)(B (3Ghd(B.
264 1 _6880-05
_aMashhad :
_bIntishārāt-i Tarānah,
_c1397 [2018]
880 1 _6264-05/(3/r
_a(3eTgO(B :
_b(3GfJTGQGJ(B (3JQGfg,(B
_c1397 [2018].
300 _a260 pages ;
_c22 cm
336 _atext
_btxt
_2rdacontent
337 _aunmediated
_bn
_2rdamedia
338 _avolume
_bnc
_2rdacarrier
504 _aIncludes bibliographical references (pages 257-260).
520 _aWater--Mythology. ; Mythology, Iranian.
546 _aIn Persian; some in English.
650 0 _aWater
_xMythology.
650 0 _aMythology, Iranian.
650 0 _aMythology.
985 _eODE-is
999 _c1745
_d1745